Adverse possession (Record no. 76760)

MARC details
000 -LEADER
fixed length control field 01590cab a2200265 4500
001 - CONTROL NUMBER
control field ##L133038
008 - FIXED-LENGTH DATA ELEMENTS--GENERAL INFORMATION
fixed length control field 060405n2006 000 0 eng u
035 ## - SYSTEM CONTROL NUMBER
System control number (Sirsi) u133038
041 0# - LANGUAGE CODE
Language code of text/sound track or separate title eng
100 1# - MAIN ENTRY--PERSONAL NAME
Personal name Swerling, Leon
245 00 - TITLE STATEMENT
Title Adverse possession
Remainder of title points of practice
260 ## - PUBLICATION, DISTRIBUTION, ETC.
Date of publication, distribution, etc. 2006
490 #0 - SERIES STATEMENT
Series statement EMIS Property Service
Volume/sequential designation 4(3) 2006, 3-5(3)
520 ## - SUMMARY, ETC.
Summary, etc. Reviews the law of adverse possession which has become unsatisfactory following the key cases of "J A Pye (Oxford) Ltd v United Kingdom" (ECHR 44302/02, L131742) and "Beaulane Properties Ltd v Palmer" ([2005] EWHC 817 (Ch), L129526). Examines the four different regimes for adverse possession that practitioners will have to grapple with: registered land before the Human Rights Act 1998 (HRA) which came into force on 2 October 2000; registered land after the HRA came into force and before the Land Registration Act 2002 (LRA) came into force on 13 October 2003; registered land after the LRA, and unregistered land. Concludes that the state of adverse possession law is such that government may be forced to review the law. Notes.
590 ## - LOCAL NOTE (RLIN)
Local note IKA110406
650 24 - SUBJECT ADDED ENTRY--TOPICAL TERM
Topical term or geographic name entry element J A PYE (OXFORD) LTD V GRAHAM
650 24 - SUBJECT ADDED ENTRY--TOPICAL TERM
Topical term or geographic name entry element PYE (OXFORD) LTD & ANOR V UNITED KINGDOM
650 24 - SUBJECT ADDED ENTRY--TOPICAL TERM
Topical term or geographic name entry element BEAULANE PROPERTIES LTD V PALMER
650 24 - SUBJECT ADDED ENTRY--TOPICAL TERM
Topical term or geographic name entry element LAND REGISTRATION ACT 2002 SCHED 6 PARA 1(1)
650 24 - SUBJECT ADDED ENTRY--TOPICAL TERM
Topical term or geographic name entry element HUMAN RIGHTS ACT 1998
650 24 - SUBJECT ADDED ENTRY--TOPICAL TERM
Topical term or geographic name entry element HUMAN RIGHTS ACT 1998 S3(1)
650 24 - SUBJECT ADDED ENTRY--TOPICAL TERM
Topical term or geographic name entry element LAND REGISTRATION ACT 2002
690 ## - LOCAL SUBJECT ADDED ENTRY--TOPICAL TERM (OCLC, RLIN)
Topical term or geographic name as entry element PROPERTY-PROPERTY ACQUISITION AND DISPOSAL-REGISTRATION OF TITLE TO PROPERTY-LAND REGISTRATION
942 ## - ADDED ENTRY ELEMENTS (KOHA)
Suppress in OPAC 0
Holdings
Withdrawn status Lost status Source of classification or shelving scheme Damaged status Not for loan Home library Current library Shelving location Date acquired Total Checkouts Full call number Barcode Date last seen Copy number Price effective from Koha item type
    Dewey Decimal Classification     London London Journal article 05/04/2006   L133038 133038-1001 06/08/2019 1 06/08/2019 Journal article